000 00746nam a22002177a 4500
005 20130326120104.0
010 _aENG-105037 B-491393-395
020 _a9788181522467
_c675.00
035 _aEN-88570 B-491393-395
037 _bDBAD/PUB
037 _bMalika Books/Ven
082 _a921
100 _aSharma, S.R.
245 _aLife and works of Chakravarti Rajagopalachari /
_cby S. R. Sharma
260 _aJaipur
_bBook Enclave
_c2009
270 _aJain Bhawan, Opp. N.E.I., Shanti Nagar
_bJaipur
_e302006
300 _avi,216p.
_c22cm(Hb)
500 _aIncludes index
942 _2ddc
_cEN
_mSHA
_h921
999 _c65426
_d65426